|
|
|
|
| LEADER |
00000nkm a2200000 a 4500 |
| 001 |
vtls011766788 |
| 003 |
SK-MaSNL |
| 005 |
20260512124227.0 |
| 007 |
kp bo |
| 008 |
240131s1955 xo g kuslo |
| 015 |
|
|
|a SNBG1955
|
| 035 |
|
|
|a urn:nbn:sk:snk-km00dnv5
|
| 035 |
|
|
|a urn:nbn:sk:snk-km3lzeo
|
| 035 |
|
|
|a E757F26B-852C-4CC2-8EA8-1CC86024B7DB
|
| 040 |
|
|
|a SNK
|b slo
|c SNK
|e AACR2
|
| 041 |
0 |
|
|a slo
|
| 043 |
|
|
|a e-xo---
|
| 044 |
|
|
|a xo
|c SK
|
| 072 |
|
7 |
|a 913
|x Regionálna geografia
|2 konspekt
|
| 072 |
|
7 |
|a 72
|x Architektúra
|2 konspekt
|
| 080 |
|
|
|a 913(437.6)
|2 2011
|
| 080 |
|
|
|a 726:27-523.42
|2 2011
|
| 080 |
|
|
|a (084.121)
|2 2011
|
| 080 |
|
|
|a 72
|2 2011
|
| 080 |
|
|
|a 725/726.012.28
|2 2011
|
| 245 |
0 |
0 |
|a Trnava
|h grafika
|
| 260 |
|
|
|a Bratislava
|b Tvar
|c 1955
|
| 300 |
|
|
|a 1 pohľadnica
|b čiernobiela
|c 11 x 15 cm
|
| 520 |
8 |
|
|a Zobrazenie: Pohľad ponad strechy budov. V pozadí vpravo Mestská veža. Vľavo v pozadí Katedrála sv. Jána Krstiteľa
|
| 610 |
2 |
7 |
|a Katedrála sv. Jána Krstiteľa (Trnava, Slovensko)
|2 SNKKA
|9 173502
|
| 650 |
0 |
7 |
|a kostoly
|2 SNKPH
|9 3023
|
| 650 |
0 |
7 |
|a Mestská veža (Trnava, Slovensko)
|2 SNKPH
|9 173573
|
| 650 |
0 |
7 |
|a veže
|2 SNKPH
|9 30797
|
| 651 |
|
7 |
|a Trnava (Slovensko)
|2 SNKPHgeo
|9 19407
|
| 655 |
|
7 |
|a miestne pohľadnice
|2 SNKPH
|9 70510
|
| 852 |
|
|
|a Slovenská národná knižnica
|
| 958 |
|
|
|a GBN
|
| 958 |
|
|
|a GC
|
| 958 |
|
|
|a OND
|
| 958 |
|
|
|a EUIPO
|
| 999 |
|
|
|c 861414
|d 863344
|
| 952 |
|
|
|a SNK
|b SNK
|y PREZ
|7 0
|p 17A1293153
|o snkSP 93709
|z Pohľadnica prešla poštou.
|0 0
|1 0
|4 0
|d 2018-07-13
|f 1
|l 0
|r 2026-02-24 05:12:23
|w 2026-02-24
|